header

Environmental effects of off-highway vehicles (Record no. 174158)

MARC details
000 -LEADER
fixed length control field 01525nam a2200373 a 4500
082 04 - DEWEY DECIMAL CLASSIFICATION NUMBER
Classification number 373.731
245 00 - TITLE STATEMENT
Title Environmental effects of off-highway vehicles
260 ## - PUBLICATION, DISTRIBUTION, ETC. (IMPRINT)
Place of publication New York :
Name of publisher Nova Science Publishers,
Year of publication c2009.
300 ## - PHYSICAL DESCRIPTION
Number of Pages 229 p. :
Other physical details col. ill.
490 1# - SERIES STATEMENT
Series statement Environmental science, engineering and technology series
650 #0 - SUBJECT ADDED ENTRY--TOPICAL TERM
Topical Term Motorsports
Topical Term Motorsports
Topical Term Off-road vehicles
Topical Term Off-road vehicles
700 1# - ADDED ENTRY--PERSONAL NAME
Personal name Ouren, Douglas S.
856 40 - ELECTRONIC LOCATION AND ACCESS
Uniform Resource Identifier http://site.ebrary.com/lib/rucke/Doc?id=10680901

No items available.

© 2026 Rongo University
Contact us: librarian | system librarian | Rongo university